000
00317 a2200109 4500
001
ART_11046
005
20260410161732.0
008
260409a
245
1
0
_a
Los riesgos de la hora actual
100
1
_a
Floria, Carlos A.
773
0
_t
Ejecutivos de finanzas
_g
- Año 5, Nº 36 (abr. 1987)
_w
REV2863
999
_c
17970
_d
17970